| 000 -CABECERA |
| Campo de control de longitud fija |
01102nam a22002177a 4500 |
| 008 - CAMPO FIJO DE DESCRIPCIÓN FIJA--INFORMACIÓN GENERAL |
| Campo de control de longitud fija |
230717b ||||| |||| 00| 0 eng d |
| 040 ## - FUENTE DE CATALOGACIÓN |
| Agencia de catalogación original |
CDMR |
| 245 ## - MENCIÓN DE TÍTULO |
| Título |
Com s'informa sobre intel·ligència artificial? |
| Parte restante del título |
: anàlisi i recomanacions amb perspectiva de drets humans [recurs electrònic] |
| Mención de responsabilidad, etc. |
/ [Redacció: Bru Aguiló i Paul Zalduendo] |
| 260 ## - PUBLICACIÓN, DISTRIBUCIÓN, ETC (PIE DE IMPRENTA) |
| Lugar de publicación, distribución, etc. |
Barcelona : |
| Nombre del editor, distribuidor, etc. |
Grup de Periodistes Ramon Barnils, |
| Fecha de publicación, distribución, etc. |
2023 |
| 300 ## - DESCRIPCIÓN FÍSICA |
| Extensión |
1 recurs electrònic (44 pàgines) |
| 505 ## - NOTA DE CONTENIDO FORMATEADA |
| Nota de contenido con formato preestablecido |
Aquest informe l’han elaborat conjuntament Mèdia.cat, l’Observatori Crític dels Mitjans impulsat pel Grup de Periodistes Ramon Barnils, i Lafede.cat. |
| 650 #0 - ASIENTO SECUNDARIO DE MATERIA--TÉRMINO DE MATERIA |
| 9 (RLIN) |
4722 |
| Nombre de materia o nombre geográfico como elemento de entrada |
Intel·ligència artificial |
| Subdivisión general |
Aspectes ètics i morals |
| 650 #0 - ASIENTO SECUNDARIO DE MATERIA--TÉRMINO DE MATERIA |
| 9 (RLIN) |
2272 |
| Nombre de materia o nombre geográfico como elemento de entrada |
Periodisme |
| Subdivisión geográfica |
Catalunya |
| Subdivisión general |
Innovacions tecnològiques |
| 700 ## - ENCABEZAMIENTO SECUNDARIO--NOMBRE PERSONAL |
| 9 (RLIN) |
4863 |
| Nombre de persona |
Aguiló, Bru |
| 700 ## - ENCABEZAMIENTO SECUNDARIO--NOMBRE PERSONAL |
| 9 (RLIN) |
4864 |
| Nombre de persona |
Zalduendo, Paul |
| 710 2# - ENCABEZAMIENTO SECUNDARIO--NOMBRE CORPORATIVO |
| 9 (RLIN) |
2397 |
| Nombre corporativo o de jurisdicción como elemento de entrada |
Grup de Periodistes Ramon Barnils |
| 710 ## - ENCABEZAMIENTO SECUNDARIO--NOMBRE CORPORATIVO |
| 9 (RLIN) |
4861 |
| Nombre corporativo o de jurisdicción como elemento de entrada |
Mèdia.cat |
| 710 ## - ENCABEZAMIENTO SECUNDARIO--NOMBRE CORPORATIVO |
| 9 (RLIN) |
4862 |
| Nombre corporativo o de jurisdicción como elemento de entrada |
Lafede.cat |
| 856 ## - ACCESO ELECTRÓNICO |
| Identificador uniforme del recurso URI |
<a href="https://www.media.cat/wp-content/uploads/intelligencia-artificial-CAT_.pdf">https://www.media.cat/wp-content/uploads/intelligencia-artificial-CAT_.pdf</a> |
| Nota Pública |
Accés en línia |
| 942 ## - ELEMENTOS KOHA |
| Fuente de clasificación o esquema de ordenación en estanterías |
|
| Koha tipo de item |
Llibres electrònics |